Résumé express : quel est ce film ? 2 - Statistiques

Statistiques générales
  • Ce quiz a été pris 157 fois
  • Le résultat moyen est 9 sur 16
Statistiques - réponses
Résumé en 5 mots Film % Correct
Jeu vidéo. Jungle. Gens piégés. Jumanji
91%
Mec riche construit super armure. Iron Man
87%
Temps. DeLorean. Skateboard. Parents bizarres. Retour vers le futur
84%
Requin. Plage. Cris. Dents. Panique. Les Dents de la Mer
83%
Robot triste nettoie planète morte. WALL·E
82%
Vampires. Lycée. Gars qui brille. Twilight
75%
Président noir. Singes intelligents partout. La Planète des Singes: Suprématie
72%
Aventurier. Tombeau. Frappe nazis. Fouet. Indiana Jones
65%
Flic, lunettes, moto, apocalypse, robot. Terminator 2
59%
Hôtel. Jumeaux. Neige. Cauchemar. Tricycle. Shining
54%
École. Monstre. Gars vert hurle. Monstres & Cie
37%
Maison hantée. Caméras. Bruits. Démons. Paranormal Activity
33%
Prison. Espoir. Marteau. Vieilles affiches. Les Évadés
30%
Mec relance parc. Mauvaise idée. Jurassic World
24%
Moustique géant. Peur. Cri. Horreur. The Fly
13%
Mariage. Mémé. Poison. Vengeance. Inigo. Princess Bride
2%
Aucun quiz correspondant
Distribution des résultats
% des personnes avec chaque résultat
Percentile par nombre de réponses
Votre historique - résultats
Vous n’avez pas pris ce quiz